00305nam a2200121Ia 4500008004100000041000800041082001400049100001600063245002600079260004700105300002400152365000700176240624s9999 xx 000 0 und d aeng a332.1 AGA aAGARWAL O P aBANKING AND INSURANCE c2010aNew DelhibHimalaya Publishing House a632 : p. : cm. ; 24 cRS